| 000 | 01611 a2200229 4500 | ||
|---|---|---|---|
| 001 | 37973 | ||
| 005 | 20260407155645.0 | ||
| 008 | 260407a1977 arg spa d | ||
| 003 | AR-UNSa-BCEJYS | ||
| 040 |
_aAR-UNSa-BCEJYS _bspa _cAR-UNSa-BCEJYS |
||
| 080 |
_a349.22:331.106 _xContrato de trabajo |
||
| 245 | 1 | 0 | _aLey de Contrato de trabjo comentada |
| 264 | 1 |
_aBuenos Aires : _bEdiciones Contabilidad Moderna _c1977 |
|
| 300 |
_a2v.(xxvii, 443; 446 - 1163 p.) _c23 cm. |
||
| 505 | _aVol. I: 1. Disposiciones generales - 2. Del contrato y la relación de trabajo - 3. De los sjetos del contrato de trabajo - 4. De los requisitos esenciales y formales del contrato de trabajo - 5. El objeto del contrato de trabajo - 6. De la formación del contrato de trabajo - 7. De la forma y prueba del contrato de trabajo - 8. Derechos y deberes de las partes - 9. De las modalidades del contrato de trabajo -- Vol. II: 10. De la remuneración del trabajo - 11. De las vacaciones y otras licencias - 12. De los feriados obligatorios y dias no laborables - 13. Trabajo de muijeres - 14. Del trabajo de los menores - 15. De la duración del trabajo y descanso semanal - 16. De la suspensión de ciertos efectos del contrato de trabajo - 17. De la transferencia del contrato de trabajo - 18. De la extinción del contrato de trabajo - 19. De la perscripción y caducidad - 20. De los privilegios - 21. Disposiciones complementarias. | ||
| 041 | _aspa | ||
| 942 | _cBK | ||
| 590 | _aniveau_biblio:m niveau_hierar:0 | ||
| 100 | 1 | _aCenteno, Norberto O. | |
| 700 | 1 | _aLópez, Justo | |
| 700 | 1 | _aFernández Madrid, Juan Carlos | |
| 999 |
_c2836 _d2836 |
||